Statystyki dla Odgadnij filmy Disney'a przez postacie

Kliknij tutaj aby rozwiązać quiz!

Ogólne statystyki

  • Ten quiz został rozwiązany 1 629 razy
  • Średni wynik to 11 z 20

Statystyki odpowiedzi

PostacieFilm% Poprawnych
Mufasa, Nala, RafikiKról lew
95%
Roszpunka, Gothel, Flynn RiderZaplątani
84%
Mushu, Ling, Chien-PoMulan
78%
Dżinn, Jago, AbuAladyn
76%
Wendy, Mr. Smee, DzwoneczekPiotruś Pan
76%
Figaro, Stromboli, DżeppettoPinokio
75%
Wróżka chrzestna, Książe,
Gryzelda
Kopciuszek
73%
Księżniczka Aurora,
Książe Filip, Czarownica
Śpiąca królewna
70%
Mowgli, Baloo, Shere KhanKsięga dżungli
69%
Phil, Meg, HadesHerkules
67%
Tiana, Louis, Książe NaveenKsiężniczka i żaba
63%
John Smith, Meeko,
Gubernator Ratcliffe
Pocahontas
45%
Clopin, Victor, EsmeraldaDzwonnik z
Notre Dame
44%
Lefou, Bryczek, MauricePiękna i bestia
43%
Kwiatek, Felinka, TuptuśBambi
33%
Magiczne lustro, Apsik, ŁowcaKrólewna Śnieżka i
siedmiu krasnoludków
32%
Grimsby, Sebastian, AdellaMała syrenka
24%
Anita Radcliffe, Pongo, Queenie101 Dalmatyńczyków
20%
Penny, Bianka, BernardBernard i Bianka
17%
Duchess, Roquefort,
Thomas O'Malley
Aryskotraci
4%

Rozkład punktacji

Percentyl według liczby udzielonych odpowiedzi

Procent ludzi z każdym wynikiem

Twoja historia wyników

Nie rozwiązałeś tego quizu